Detalles MARC
| 000 -CABECERA |
| campo de control de longitud fija |
01983nam a2200313 i 4500 |
| 001 - NÚMERO DE CONTROL |
| campo de control |
000027496 |
| 003 - IDENTIFICADOR DEL NÚMERO DE CONTROL |
| campo de control |
DO-SdBNP |
| 005 - FECHA Y HORA DE LA ÚLTIMA TRANSACCIÓN |
| campo de control |
20240528105119.0 |
| 007 - CAMPO FIJO DE DESCRIPCIÓN FÍSICA--INFORMACIÓN GENERAL |
| campo de control de longitud fija |
ta |
| 008 - DATOS DE LONGITUD FIJA--INFORMACIÓN GENERAL |
| campo de control de longitud fija |
110401s1999 dr ac 000 0 spa d |
| 040 ## - FUENTE DE LA CATALOGACIÓN |
| Centro catalogador/agencia de origen |
DO-SdBNP |
| Lengua de catalogación |
spa |
| Centro/agencia transcriptor |
BNPHU |
| Normas de descripción |
rda |
| 082 #4 - NÚMERO DE LA CLASIFICACIÓN DECIMAL DEWEY |
| Número de clasificación |
725.17 |
| Número de documento/Ítem |
A333e |
| Número de edición |
22 |
| 100 1# - ENTRADA PRINCIPAL--NOMBRE DE PERSONA |
| Nombre de persona |
Albert Batista, Celsa, |
| Fechas asociadas al nombre |
1942- |
| 9 (RLIN) |
30639 |
| Término indicativo de función/relación |
autora |
| 245 10 - MENCIÓN DE TÍTULO |
| Título |
Estancia San Gerónimo : |
| Resto del título |
sede de la cancillería de la República Dominicana, patrimonio histórico / |
| Mención de responsabilidad, etc. |
Celsa Albert Batista; edición, Ana E. Martínez ; prólogo, Eugenio Pérez Montás |
| 264 ## - PRODUCCIÓN, PUBLICACIÓN, DISTRIBUCIÓN, FABRICACIÓN Y COPYRIGHT |
| Producción, publicación, distribución, fabricación y copyright |
Santo Domingo : |
| Nombre del de productor, editor, distribuidor, fabricante |
Secretaría de Estado de Relaciones Exteriores, |
| Fecha de producción, publicación, distribución, fabricación o copyright |
1999. |
| 300 ## - DESCRIPCIÓN FÍSICA |
| Extensión |
106 páginas : |
| Otras características físicas |
Ilustraciones, retratos. ; |
| Dimensiones |
20 cm. |
| 336 ## - TIPO DE CONTENIDO |
| Fuente |
rdacontent |
| Término de tipo de contenido |
texto |
| Código de tipo de contenido |
txt |
| 337 ## - TIPO DE MEDIO |
| Fuente |
rdamedia |
| Nombre/término del tipo de medio |
sin mediación |
| Código del tipo de medio |
n |
| 338 ## - TIPO DE SOPORTE |
| Fuente |
rdacarrier |
| Nombre/término del tipo de soporte |
volumen |
| Código del tipo de soporte |
nc |
| 500 ## - NOTA GENERAL |
| Nota general |
Incluye referencias bibliográficas y notas al pie de las páginas. |
| 505 0# - NOTA DE CONTENIDO CON FORMATO |
| Nota de contenido con formato |
Presentación / |
| Mención de responsabilidad |
Dr. Eduardo Latorre -- |
| Título |
Prólogo / |
| Mención de responsabilidad |
Arq. Eugenio Pérez Montás -- |
| Título |
Introducción -- |
| Información miscelánea |
Capítulo 1 -- |
| Título |
Aspectos históricos-urbanísticos del entorno de la cancillería -- |
| Información miscelánea |
Capítulo 2 -- |
| Título |
Antencedentes históricos e infraestructura de las instalaciones de la Secretaría de Estado de Relaciones Exteriores -- |
| Información miscelánea |
Capítulo 3 -- |
| Título |
Estancia Ramfis : el nacimiento de la Era -- |
| Información miscelánea |
Capítulo 4 -- |
| Título |
Relación de los bienes muebles en la evolución histórica de las edificaciones de la Secretaría de Estado de Relaciones Exteriores -- |
| 505 0# - NOTA DE CONTENIDO CON FORMATO |
| Nota de contenido con formato |
Capítulo 5 -- |
| Título |
Una nueva etapa para la edificación del entorno monumental de la Secretaría de Estado de Relaciones Exteriores -- |
| -- |
Conclusiones -- |
| -- |
Bibliografía -- |
| -- |
Apéndices. |
| 590 ## - NOTA LOCAL (RLIN) |
| Nota local |
Inventariado, 2024/BT |
| 650 #4 - PUNTO DE ACCESO ADICIONAL DE MATERIA--TÉRMINO DE MATERIA |
| Término de materia o nombre geográfico como elemento de entrada |
Edificios públicos. |
| Subdivisión geográfica |
Santo Domingo (Ciudad, República Dominicana{Rpara} |
| 9 (RLIN) |
54576 |
| 700 1# - PUNTO DE ACCESO ADICIONAL--NOMBRE DE PERSONA |
| Nombre de persona |
Martínez, Ana E., |
| 9 (RLIN) |
2505 |
| Término indicativo de función/relación |
editora |
| 700 1# - PUNTO DE ACCESO ADICIONAL--NOMBRE DE PERSONA |
| Nombre de persona |
Pérez Montás, Eugenio, |
| Fechas asociadas al nombre |
1933- |
| 9 (RLIN) |
19115 |
| Término indicativo de función/relación |
prólogo |
| 910 ## - DATOS DE OPCIÓN DEL USUARIO (OCLC) |
| Datos de opción del usuario |
Validado. Control de calidad. MMOLINA |
| 942 ## - ELEMENTOS DE PUNTO DE ACCESO ADICIONAL (KOHA) |
| Fuente del sistema de clasificación o colocación |
Dewey Decimal Classification |
| Tipo de ítem Koha |
Libro |